000 00831nam a2200253 4500
001 125681
003 ES-MaACL
005 20250808015943.0
007 t|
008 070214s1971 sp r ||||1| spa d
080 _a271-4
080 _a248.122
100 1 _aRegamey, Pie-Raymond.
_995870
245 1 3 _aLa voz de Dios en las voces del tiempo :
_bredescubrir la vida religiosa /
_cpor R. Regamey, O.P. ; traducción de Antonio Diego.
260 _aSantander :
_bSal Terrae,
_c1971.
300 _a231 p. ;
_c22 cm.
490 1 _aEspíritu y vida ;
_v38
650 7 _aVida monástica y religiosa femenina
_2embne
_9155560
650 4 _aReligiosas-
_xEducación.
_9173025
700 1 _aDiego, Antonio.
_944536
830 1 0 _aEspíritu y vida
_v38
_9181679
852 _aES-MaACL
_jC-47542
999 _c125681
_d125681